[Event "Havana Rodriguez Memorial 1st"]
[Site "Havana"]
[Date "2007.07.06"]
[Round "11"]
[White "Colon Lopez, Juan Carlos"]
[Black "Alarcon Casellas, Rolando"]
[Result "1/2-1/2"]
[WhiteElo "2219"]
[BlackElo "2308"]
[PlyCount "28"]
[EventDate "2008.06.27"]
[EventType "tourn"]
[EventRounds "14"]
[EventCountry "CUB"]
[SourceTitle "EXT 2019"]
[Source "ChessBase"]
[SourceDate "2018.10.10"]
[SourceVersion "1"]
[SourceVersionDate "2018.10.10"]
[SourceQuality "1"]

1. d4 d5 2. c4 c6 3. Nc3 Nf6 4. Bg5 e6 5. e3 Be7 6. Nf3 Nbd7 7. Bd3 dxc4 8. Bxc4 Nd5 9. Bxe7 Qxe7 10. 0-0 0-0 11. e4 Nxc3 12. bxc3 Nf6 13. Bd3 h6 14. e5 Nd5 1/2-1/2

[Event "Havana Rodriguez Memorial 1st"]
[Site "Havana"]
[Date "2007.06.28"]
[Round "3"]
[White "Colon Lopez, Juan Carlos"]
[Black "Gil Suarez, Jose Luis"]
[Result "0-1"]
[WhiteElo "2219"]
[BlackElo "2308"]
[PlyCount "70"]
[EventDate "2008.06.27"]
[EventType "tourn"]
[EventRounds "14"]
[EventCountry "CUB"]
[SourceTitle "EXT 2019"]
[Source "ChessBase"]
[SourceDate "2018.10.10"]
[SourceVersion "1"]
[SourceVersionDate "2018.10.10"]
[SourceQuality "1"]

1. e4 e6 2. d4 d5 3. Nd2 Nc6 4. Ngf3 Nf6 5. e5 Nd7 6. c3 f6 7. Bb5 fxe5 8. dxe5 a6 9. Bxc6 bxc6 10. 0-0 c5 11. Qa4 Rb8 12. Re1 Rb6 13. Nf1 c4 14. Rb1 Be7 15. Nd4 Bb7 16. f4 c5 17. Nf3 0-0 18. Qd1 Rf7 19. Be3 Nf8 20. Ng5 Bxg5 21. fxg5 Rc6 22. b3 cxb3 23. axb3 Ng6 24. Bd2 Qc7 25. b4 c4 26. b5 axb5 27. Rxb5 Ba6 28. Rb1 Nxe5 29. Be3 Nd3 30. Re2 e5 31. Qa4 Bc8 32. Qa8 Rf8 33. Rb8 Qf7 34. Qa1 Ra6 35. Qb1 Qxf1+ 0-1

[Event "Havana Rodriguez Memorial 1st"]
[Site "Havana"]
[Date "2007.06.27"]
[Round "2"]
[White "Alvarez Albo, Chan Julian"]
[Black "Colon Lopez, Juan Carlos"]
[Result "1/2-1/2"]
[WhiteElo "2203"]
[BlackElo "2219"]
[PlyCount "28"]
[EventDate "2008.06.27"]
[EventType "tourn"]
[EventRounds "14"]
[EventCountry "CUB"]
[SourceTitle "EXT 2019"]
[Source "ChessBase"]
[SourceDate "2018.10.10"]
[SourceVersion "1"]
[SourceVersionDate "2018.10.10"]
[SourceQuality "1"]

1. d4 d5 2. c4 c6 3. Nc3 Nf6 4. Bg5 e6 5. e3 Nbd7 6. Nf3 Bd6 7. Bd3 0-0 8. 0-0 dxc4 9. Bxc4 Re8 10. Qc2 Nb6 11. Bd3 h6 12. Bh4 Be7 13. Rad1 Nbd5 14. Nxd5 Nxd5 1/2-1/2